Statistics for Name Every Pokémon (#0001-#1008)

Click here to take the quiz!

General Stats

  • This quiz has been taken 445 times
  • The average score is 364 of 1008

Answer Stats

Dex #Answer% Correct
#0001Bulbasaur
94%
#0006Charizard
90%
#0004Charmander
90%
#0002Ivysaur
88%
#0005Charmeleon
86%
#0025Pikachu
86%
#0007Squirtle
85%
#0003Venusaur
83%
#0009Blastoise
81%
#0026Raichu
81%
#0008Wartortle
79%
#0013Weedle
78%
#0012Butterfree
77%
#0010Caterpie
77%
#0011Metapod
76%
#0151Mew
76%
#0015Beedrill
75%
#0150Mewtwo
75%
#0133Eevee
74%
#0016Pidgey
73%
#0014Kakuna
72%
#0018Pidgeot
72%
#0017Pidgeotto
72%
#0136Flareon
71%
#0144Articuno
70%
#0135Jolteon
70%
#0019Rattata
70%
#0149Dragonite
69%
#0134Vaporeon
69%
#0148Dragonair
68%
#0147Dratini
68%
#0146Moltres
68%
#0172Pichu
68%
#0145Zapdos
68%
#0023Ekans
67%
#0129Magikarp
67%
#0020Raticate
67%
#0094Gengar
66%
#0052Meowth
66%
#0024Arbok
65%
#0092Gastly
65%
#0197Umbreon
65%
#0196Espeon
64%
#0093Haunter
64%
#0034Nidoking
64%
#0031Nidoqueen
64%
#0029Nidoran♀
64%
#0032Nidoran♂
64%
#0143Snorlax
64%
#0022Fearow
63%
#0039Jigglypuff
63%
#0021Spearow
63%
#0074Geodude
62%
#0033Nidorino
62%
#0063Abra
61%
#0065Alakazam
61%
#0152Chikorita
61%
#0155Cyndaquil
61%
#0050Diglett
61%
#0068Machamp
61%
#0030Nidorina
61%
#0043Oddish
61%
#0095Onix
61%
#0700Sylveon
61%
#0173Cleffa
60%
#0044Gloom
60%
#0130Gyarados
60%
#0064Kadabra
60%
#0470Leafeon
60%
#0067Machoke
60%
#0056Mankey
60%
#0053Persian
60%
#0041Zubat
60%
#0051Dugtrio
59%
#0076Golem
59%
#0081Magnemite
59%
#0037Vulpix
59%
#0153Bayleef
58%
#0035Clefairy
58%
#0132Ditto
58%
#0471Glaceon
58%
#0042Golbat
58%
#0066Machop
58%
#0038Ninetales
58%
#0158Totodile
58%
#0040Wigglytuff
58%
#0244Entei
57%
#0075Graveler
57%
#0058Growlithe
57%
#0124Jynx
57%
#0126Magmar
57%
#0082Magneton
57%
#0027Sandshrew
57%
#0123Scyther
57%
#0255Torchic
57%
#0059Arcanine
56%
#0036Clefable
56%
#0250Ho-Oh
56%
#0154Meganium
56%
#0122Mr. Mime
56%
#0258Mudkip
56%
#0057Primeape
56%
#0054Psyduck
56%
#0156Quilava
56%
#0028Sandslash
56%
#0245Suicune
56%
#0157Typhlosion
56%
#0045Vileplume
56%
#0125Electabuzz
55%
#0109Koffing
55%
#0249Lugia
55%
#0089Muk
55%
#0393Piplup
55%
#0387Turtwig
55%
#0100Voltorb
55%
#0110Weezing
55%
#0101Electrode
54%
#0106Hitmonlee
54%
#0077Ponyta
54%
#0078Rapidash
54%
#0079Slowpoke
54%
#0069Bellsprout
53%
#0257Blaziken
53%
#0113Chansey
53%
#0390Chimchar
53%
#0159Croconaw
53%
#0160Feraligatr
53%
#0088Grimer
53%
#0383Groudon
53%
#0107Hitmonchan
53%
#0243Raikou
53%
#0384Rayquaza
53%
#0112Rhydon
53%
#0080Slowbro
53%
#0121Starmie
53%
#0208Steelix
53%
#0252Treecko
53%
#0493Arceus
52%
#0169Crobat
52%
#0239Elekid
52%
#0392Infernape
52%
#0484Palkia
52%
#0137Porygon
52%
#0280Ralts
52%
#0212Scizor
52%
#0086Seel
52%
#0128Tauros
52%
#0483Dialga
51%
#0282Gardevoir
51%
#0055Golduck
51%
#0116Horsea
51%
#0140Kabuto
51%
#0141Kabutops
51%
#0382Kyogre
51%
#0131Lapras
51%
#0240Magby
51%
#0111Rhyhorn
51%
#0495Snivy
51%
#0120Staryu
51%
#0498Tepig
51%
#0389Torterra
51%
#0049Venomoth
51%
#0071Victreebel
51%
#0070Weepinbell
51%
#0251Celebi
50%
#0656Froakie
50%
#0174Igglybuff
50%
#0281Kirlia
50%
#0448Lucario
50%
#0254Sceptile
50%
#0199Slowking
50%
#0248Tyranitar
50%
#0048Venonat
50%
#0142Aerodactyl
49%
#0087Dewgong
49%
#0395Empoleon
49%
#0083Farfetch'd
49%
#0658Greninja
49%
#0725Litten
49%
#0467Magmortar
49%
#0462Magnezone
49%
#0139Omastar
49%
#0501Oshawott
49%
#0046Paras
49%
#0060Poliwag
49%
#0117Seadra
49%
#0260Swampert
49%
#0072Tentacool
49%
#0073Tentacruel
49%
#0726Torracat
49%
#0500Emboar
48%
#0475Gallade
48%
#0118Goldeen
48%
#0388Grotle
48%
#0253Grovyle
48%
#0138Omanyte
48%
#0047Parasect
48%
#0061Poliwhirl
48%
#0062Poliwrath
48%
#0378Regice
48%
#0379Registeel
48%
#0447Riolu
48%
#0119Seaking
48%
#0396Starly
48%
#0175Togepi
48%
#0242Blissey
47%
#0256Combusken
47%
#0237Hitmontop
47%
#0246Larvitar
47%
#0446Munchlax
47%
#0377Regirock
47%
#0263Zigzagoon
47%
#0091Cloyster
46%
#0115Kangaskhan
46%
#0230Kingdra
46%
#0259Marshtomp
46%
#0394Prinplup
46%
#0215Sneasel
46%
#0361Snorunt
46%
#0398Staraptor
46%
#0397Staravia
46%
#0104Cubone
45%
#0466Electivire
45%
#0487Giratina
45%
#0098Krabby
45%
#0439Mime Jr.
45%
#0127Pinsir
45%
#0247Pupitar
45%
#0722Rowlet
45%
#0813Scorbunny
45%
#0497Serperior
45%
#0461Weavile
45%
#0491Darkrai
44%
#0085Dodrio
44%
#0084Doduo
44%
#0102Exeggcute
44%
#0103Exeggutor
44%
#0445Garchomp
44%
#0229Houndoom
44%
#0381Latios
44%
#0108Lickitung
44%
#0391Monferno
44%
#0233Porygon2
44%
#0486Regigigas
44%
#0643Reshiram
44%
#0464Rhyperior
44%
#0090Shellder
44%
#0114Tangela
44%
#0468Togekiss
44%
#0650Chespin
43%
#0096Drowzee
43%
#0653Fennekin
43%
#0443Gible
43%
#0163Hoothoot
43%
#0097Hypno
43%
#0380Latias
43%
#0792Lunala
43%
#0105Marowak
43%
#0376Metagross
43%
#0728Popplio
43%
#0373Salamence
43%
#0496Servine
43%
#0185Sudowoodo
43%
#0176Togetic
43%
#0644Zekrom
43%
#0182Bellossom
42%
#0268Cascoon
42%
#0815Cinderace
42%
#0657Frogadier
42%
#0444Gabite
42%
#0099Kingler
42%
#0264Linoone
42%
#0515Panpour
42%
#0499Pignite
42%
#0474Porygon-Z
42%
#0503Samurott
42%
#0238Smoochum
42%
#0816Sobble
42%
#0216Teddiursa
42%
#0217Ursaring
42%
#0494Victini
42%
#0265Wurmple
42%
#0267Beautifly
41%
#0399Bidoof
41%
#0655Delphox
41%
#0502Dewott
41%
#0162Furret
41%
#0362Glalie
41%
#0810Grookey
41%
#0375Metang
41%
#0241Miltank
41%
#0200Misdreavus
41%
#0429Mismagius
41%
#0164Noctowl
41%
#0186Politoed
41%
#0814Raboot
41%
#0161Sentret
41%
#0277Swellow
41%
#0181Ampharos
40%
#0371Bagon
40%
#0427Buneary
40%
#0440Happiny
40%
#0228Houndour
40%
#0428Lopunny
40%
#0179Mareep
40%
#0312Minun
40%
#0511Pansage
40%
#0513Pansear
40%
#0311Plusle
40%
#0261Poochyena
40%
#0336Seviper
40%
#0372Shelgon
40%
#0512Simisage
40%
#0276Taillow
40%
#0201Unown
40%
#0321Wailord
40%
#0194Wooper
40%
#0460Abomasnow
39%
#0184Azumarill
39%
#0724Decidueye
39%
#0386Deoxys
39%
#0269Dustox
39%
#0478Froslass
39%
#0818Inteleon
39%
#0370Luvdisc
39%
#0183Marill
39%
#0812Rillaboom
39%
#0266Silcoon
39%
#0516Simipour
39%
#0514Simisear
39%
#0227Skarmory
39%
#0167Spinarak
39%
#0663Talonflame
39%
#0236Tyrogue
39%
#0320Wailmer
39%
#0888Zacian
39%
#0889Zamazenta
39%
#0168Ariados
38%
#0304Aron
38%
#0482Azelf
38%
#0374Beldum
38%
#0438Bonsly
38%
#0662Fletchinder
38%
#0297Hariyama
38%
#0214Heracross
38%
#0727Incineroar
38%
#0385Jirachi
38%
#1007Koraidon
38%
#0272Ludicolo
38%
#0198Murkrow
38%
#0231Phanpy
38%
#0195Quagsire
38%
#0895Regidrago
38%
#0319Sharpedo
38%
#0403Shinx
38%
#0791Solgaleo
38%
#0906Sprigatito
38%
#0234Stantler
38%
#0220Swinub
38%
#0716Xerneas
38%
#0717Yveltal
38%
#0652Chesnaught
37%
#0415Combee
37%
#0232Donphan
37%
#0180Flaaffy
37%
#0661Fletchling
37%
#0909Fuecoco
37%
#0203Girafarig
37%
#0405Luxray
37%
#0473Mamoswine
37%
#0490Manaphy
37%
#0481Mesprit
37%
#0262Mightyena
37%
#0866Mr. Rime
37%
#0211Qwilfish
37%
#0287Slakoth
37%
#0202Wobbuffet
37%
#0523Zebstrika
37%
#0306Aggron
36%
#0610Axew
36%
#0400Bibarel
36%
#0890Eternatus
36%
#0349Feebas
36%
#0485Heatran
36%
#0430Honchkrow
36%
#0595Joltik
36%
#0271Lombre
36%
#0270Lotad
36%
#0296Makuhita
36%
#0350Milotic
36%
#1008Miraidon
36%
#0279Pelipper
36%
#0519Pidove
36%
#0551Sandile
36%
#0300Skitty
36%
#0289Slaking
36%
#0459Snover
36%
#0363Spheal
36%
#0293Whismur
36%
#0335Zangoose
36%
#0359Absol
35%
#0628Braviary
35%
#0659Bunnelby
35%
#0323Camerupt
35%
#0222Corsola
35%
#0488Cresselia
35%
#0356Dusclops
35%
#0355Duskull
35%
#0295Exploud
35%
#0612Haxorus
35%
#0189Jumpluff
35%
#0599Klink
35%
#0646Kyurem
35%
#0165Ledyba
35%
#0294Loudred
35%
#0404Luxio
35%
#0310Manectric
35%
#0226Mantine
35%
#0908Meowscarada
35%
#0778Mimikyu
35%
#0177Natu
35%
#0322Numel
35%
#0489Phione
35%
#0221Piloswine
35%
#0912Quaxly
35%
#0315Roselia
35%
#0407Roserade
35%
#0273Seedot
35%
#0218Slugma
35%
#0465Tangrowth
35%
#0811Thwackey
35%
#0454Toxicroak
35%
#0480Uxie
35%
#0637Volcarona
35%
#0278Wingull
35%
#0178Xatu
35%
#0190Aipom
34%
#0334Altaria
34%
#0424Ambipom
34%
#0298Azurill
34%
#0550Basculin
34%
#0654Braixen
34%
#0406Budew
34%
#0408Cranidos
34%
#0613Cubchoo
34%
#0633Deino
34%
#0301Delcatty
34%
#0225Delibird
34%
#0206Dunsparce
34%
#0330Flygon
34%
#0431Glameow
34%
#0207Gligar
34%
#0706Goodra
34%
#0704Goomy
34%
#0316Gulpin
34%
#0187Hoppip
34%
#0900Kleavor
34%
#0305Lairon
34%
#0636Larvesta
34%
#0463Lickilicky
34%
#0345Lileep
34%
#0337Lunatone
34%
#0299Nosepass
34%
#0862Obstagoon
34%
#0224Octillery
34%
#0417Pachirisu
34%
#0432Purugly
34%
#0409Rampardos
34%
#0223Remoraid
34%
#0302Sableye
34%
#0410Shieldon
34%
#0333Swablu
34%
#0324Torkoal
34%
#0901Ursaluna
34%
#0288Vigoroth
34%
#0527Woobat
34%
#0562Yamask
34%
#0193Yanma
34%
#0469Yanmega
34%
#0718Zygarde
34%
#0614Beartic
33%
#0453Croagunk
33%
#0723Dartrix
33%
#0477Dusknoir
33%
#0309Electrike
33%
#0472Gliscor
33%
#0720Hoopa
33%
#0600Klang
33%
#0166Ledian
33%
#0549Lilligant
33%
#0506Lillipup
33%
#0730Primarina
33%
#0894Regieleki
33%
#0627Rufflet
33%
#0865Sirfetch'd
33%
#0338Solrock
33%
#0528Swoobat
33%
#0641Tornadus
33%
#0416Vespiquen
33%
#0354Banette
32%
#0411Bastiodon
32%
#0525Boldore
32%
#0366Clamperl
32%
#0638Cobalion
32%
#0425Drifloon
32%
#0817Drizzile
32%
#0611Fraxure
32%
#0622Golett
32%
#0623Golurk
32%
#0367Huntail
32%
#0635Hydreigon
32%
#0647Keldeo
32%
#0601Klinklang
32%
#0645Landorus
32%
#0219Magcargo
32%
#0303Mawile
32%
#0809Melmetal
32%
#0291Ninjask
32%
#0714Noibat
32%
#0715Noivern
32%
#0504Patrat
32%
#0731Pikipek
32%
#0204Pineco
32%
#0651Quilladin
32%
#0479Rotom
32%
#0539Sawk
32%
#0188Skiploom
32%
#0538Throh
32%
#0642Thundurus
32%
#0777Togedemaru
32%
#0733Toucannon
32%
#0520Tranquill
32%
#0357Tropius
32%
#0602Tynamo
32%
#0696Tyrunt
32%
#0721Volcanion
32%
#0360Wynaut
32%
#0570Zorua
32%
#0681Aegislash
31%
#0594Alomomola
31%
#0567Archeops
31%
#0522Blitzle
31%
#0286Breloom
31%
#0729Brionne
31%
#0418Buizel
31%
#0331Cacnea
31%
#0318Carvanha
31%
#0609Chandelure
31%
#0341Corphish
31%
#0823Corviknight
31%
#0346Cradily
31%
#0342Crawdaunt
31%
#0702Dedenne
31%
#0660Diggersby
31%
#0456Finneon
31%
#0669Flabébé
31%
#0205Forretress
31%
#0596Galvantula
31%
#0507Herdier
31%
#0171Lanturn
31%
#0510Liepard
31%
#0667Litleo
31%
#0458Mantyke
31%
#0808Meltan
31%
#0414Mothim
31%
#0517Munna
31%
#0290Nincada
31%
#0476Probopass
31%
#0492Shaymin
31%
#0275Shiftry
31%
#0285Shroomish
31%
#0353Shuppet
31%
#0451Skorupi
31%
#0903Sneasler
31%
#0327Spinda
31%
#0442Spiritomb
31%
#0325Spoink
31%
#0508Stoutland
31%
#0639Terrakion
31%
#0328Trapinch
31%
#0568Trubbish
31%
#0697Tyrantrum
31%
#0521Unfezant
31%
#0582Vanillite
31%
#0738Vikavolt
31%
#0640Virizion
31%
#0365Walrein
31%
#0505Watchog
31%
#0831Wooloo
31%
#0413Wormadam
31%
#0899Wyrdeer
31%
#0566Archen
30%
#0902Basculegion
30%
#0625Bisharp
30%
#0794Buzzwole
30%
#0332Cacturne
30%
#0351Castform
30%
#0737Charjabug
30%
#0170Chinchou
30%
#0563Cofagrigus
30%
#0585Deerling
30%
#0680Doublade
30%
#0426Drifblim
30%
#0580Ducklett
30%
#0604Eelektross
30%
#0587Emolga
30%
#0670Floette
30%
#0649Genesect
30%
#0368Gorebyss
30%
#0574Gothita
30%
#0326Grumpig
30%
#0991Iron Bundle
30%
#1006Iron Valiant
30%
#0593Jellicent
30%
#0352Kecleon
30%
#0607Litwick
30%
#0308Medicham
30%
#0307Meditite
30%
#0518Musharna
30%
#0274Nuzleaf
30%
#0509Purrloin
30%
#0579Reuniclus
30%
#0524Roggenrola
30%
#0364Sealeo
30%
#0292Shedinja
30%
#0911Skeledirge
30%
#0577Solosis
30%
#0192Sunflora
30%
#0191Sunkern
30%
#0283Surskit
30%
#0532Timburr
30%
#0666Vivillon
30%
#0634Zweilous
30%
#0347Anorith
29%
#0840Applin
29%
#0531Audino
29%
#0713Avalugg
29%
#0437Bronzong
29%
#0436Bronzor
29%
#0412Burmy
29%
#0534Conkeldurr
29%
#0822Corvisquire
29%
#0751Dewpider
29%
#0452Drapion
29%
#0578Duosion
29%
#0557Dwebble
29%
#0603Eelektrik
29%
#0419Floatzel
29%
#0671Florges
29%
#0592Frillish
29%
#0569Garbodor
29%
#1000Gholdengo
29%
#0210Granbull
29%
#0679Honedge
29%
#0314Illumise
29%
#0992Iron Hands
29%
#0990Iron Treads
29%
#0798Kartana
29%
#0552Krokorok
29%
#0542Leavanny
29%
#0915Lechonk
29%
#0457Lumineon
29%
#0648Meloetta
29%
#0800Necrozma
29%
#0548Petilil
29%
#0668Pyroar
29%
#1005Roaring Moon
29%
#0744Rockruff
29%
#0985Scream Tail
29%
#0422Shellos
29%
#0705Sliggoo
29%
#0434Stunky
29%
#0541Swadloon
29%
#0581Swanna
29%
#0583Vanillish
29%
#0584Vanilluxe
29%
#0329Vibrava
29%
#0835Yamper
29%
#0571Zoroark
29%
#0979Annihilape
28%
#0348Armaldo
28%
#0797Celesteela
28%
#0421Cherrim
28%
#0358Chimecho
28%
#0980Clodsire
28%
#0546Cottonee
28%
#0739Crabrawler
28%
#0885Dreepy
28%
#0529Drilbur
28%
#0981Farigiraf
28%
#0907Floragato
28%
#0526Gigalith
28%
#0576Gothitelle
28%
#0984Great Tusk
28%
#0449Hippopotas
28%
#0553Krookodile
28%
#0608Lampent
28%
#0284Masquerain
28%
#0826Orbeetle
28%
#0904Overqwil
28%
#0624Pawniard
28%
#0863Perrserker
28%
#0914Quaquaval
28%
#0821Rookidee
28%
#0213Shuckle
28%
#0435Skuntank
28%
#0235Smeargle
28%
#0805Stakataka
28%
#0317Swalot
28%
#0892Urshifu
28%
#0960Wiglett
28%
#0807Zeraora
28%
#0842Appletun
27%
#0339Barboach
27%
#0806Blacephalon
27%
#0824Blipbug
27%
#0836Boltund
27%
#0420Cherubi
27%
#0789Cosmog
27%
#0910Crocalor
27%
#0615Cryogonal
27%
#0555Darmanitan
27%
#0554Darumaka
27%
#0719Diancie
27%
#0887Dragapult
27%
#0832Dubwool
27%
#0632Durant
27%
#0530Excadrill
27%
#0841Flapple
27%
#0590Foongus
27%
#0999Gimmighoul
27%
#0673Gogoat
27%
#0575Gothorita
27%
#0533Gurdurr
27%
#0450Hippowdon
27%
#0983Kingambit
27%
#0707Klefki
27%
#0401Kricketot
27%
#0402Kricketune
27%
#0891Kubfu
27%
#0745Lycanroc
27%
#0757Salandit
27%
#0664Scatterbug
27%
#0545Scolipede
27%
#0616Shelmet
27%
#0672Skiddo
27%
#0209Snubbull
27%
#0787Tapu Bulu
27%
#0788Tapu Fini
27%
#0785Tapu Koko
27%
#0786Tapu Lele
27%
#0564Tirtouga
27%
#0709Trevenant
27%
#0535Tympole
27%
#0340Whiscash
27%
#0961Wugtrio
27%
#0591Amoonguss
26%
#0898Calyrex
26%
#0565Carracosta
26%
#0433Chingling
26%
#0692Clauncher
26%
#0693Clawitzer
26%
#0790Cosmoem
26%
#0621Druddigon
26%
#0982Dudunsparce
26%
#0905Enamorus
26%
#0597Ferroseed
26%
#0598Ferrothorn
26%
#0423Gastrodon
26%
#0736Grubbin
26%
#0686Inkay
26%
#0782Jangmo-o
26%
#0784Kommo-o
26%
#0630Mandibuzz
26%
#0793Nihilego
26%
#0674Pancham
26%
#0795Pheromosa
26%
#0758Salazzle
26%
#0586Sawsbuck
26%
#0537Seismitoad
26%
#0540Sewaddle
26%
#0665Spewpa
26%
#0618Stunfisk
26%
#0732Trumbeak
26%
#0543Venipede
26%
#0544Whirlipede
26%
#0746Wishiwashi
26%
#0796Xurkitree
26%
#0617Accelgor
25%
#0699Aurorus
25%
#0712Bergmite
25%
#0455Carnivine
25%
#0851Centiskorch
25%
#0441Chatot
25%
#0344Claydol
25%
#0740Crabominable
25%
#0558Crustle
25%
#0742Cutiefly
25%
#0977Dondozo
25%
#0886Drakloak
25%
#0676Furfrou
25%
#0896Glastrier
25%
#0735Gumshoos
25%
#0799Guzzlord
25%
#0783Hakamo-o
25%
#0631Heatmor
25%
#0556Maractus
25%
#0678Meowstic
25%
#0804Naganadel
25%
#0536Palpitoad
25%
#0921Pawmi
25%
#0708Phantump
25%
#0803Poipole
25%
#0913Quaxwell
25%
#0369Relicanth
25%
#0844Sandaconda
25%
#0559Scraggy
25%
#0685Slurpuff
25%
#0897Spectrier
25%
#0959Tinkaton
25%
#0848Toxel
25%
#0849Toxtricity
25%
#0772Type: Null
25%
#0313Volbeat
25%
#0629Vullaby
25%
#0547Whimsicott
25%
#0734Yungoos
25%
#0893Zarude
25%
#0698Amaura
24%
#0839Coalossal
24%
#0864Cursola
24%
#0882Dracovish
24%
#0691Dragalge
24%
#0987Flutter Mane
24%
#0861Grimmsnarl
24%
#0859Impidimp
24%
#0995Iron Thorns
24%
#0588Karrablast
24%
#0827Nickit
24%
#0675Pangoro
24%
#0922Pawmo
24%
#0710Pumpkaboo
24%
#0837Rolycoly
24%
#0867Runerigus
24%
#0560Scrafty
24%
#0843Silicobra
24%
#0819Skwovet
24%
#0872Snom
24%
#0828Thievul
24%
#0948Toedscool
24%
#0949Toedscruel
24%
#0869Alcremie
23%
#0752Araquanid
23%
#0343Baltoy
23%
#0626Bouffalant
23%
#0761Bounsweet
23%
#0779Bruxish
23%
#0838Carkol
23%
#1002Chien-Pao
23%
#1004Chi-Yu
23%
#0573Cinccino
23%
#0589Escavalier
23%
#0677Espurr
23%
#0870Falinks
23%
#0820Greedent
23%
#0701Hawlucha
23%
#0694Helioptile
23%
#0941Kilowattrel
23%
#0801Magearna
23%
#0687Malamar
23%
#0572Minccino
23%
#0877Morpeko
23%
#0741Oricorio
23%
#0923Pawmot
23%
#0989Sandy Shocks
23%
#0690Skrelp
23%
#0762Steenee
23%
#0684Swirlix
23%
#0978Tatsugiri
23%
#1003Ting-Lu
23%
#0957Tinkatink
23%
#0763Tsareena
23%
#0883Arctovish
22%
#0881Arctozolt
22%
#0683Aromatisse
22%
#0998Baxcalibur
22%
#0760Bewear
22%
#0703Carbink
22%
#0880Dracozolt
22%
#0780Drampa
22%
#0875Eiscue
22%
#0605Elgyem
22%
#0926Fidough
22%
#0873Frosmoth
22%
#0856Hatenna
22%
#0858Hatterene
22%
#0695Heliolisk
22%
#0876Indeedee
22%
#0993Iron Jugulis
22%
#0994Iron Moth
22%
#0802Marshadow
22%
#0619Mienfoo
22%
#0868Milcery
22%
#0749Mudbray
22%
#0750Mudsdale
22%
#0561Sigilyph
22%
#0850Sizzlipede
22%
#0918Spidops
22%
#0958Tinkatuff
22%
#0748Toxapex
22%
#0940Wattrel
22%
#0847Barraskewda
21%
#0878Cufant
21%
#0781Dhelmise
21%
#0825Dottler
21%
#0711Gourgeist
21%
#0857Hattrem
21%
#0754Lurantis
21%
#0747Mareanie
21%
#0620Mienshao
21%
#0860Morgrem
21%
#0765Oranguru
21%
#0968Orthworm
21%
#0855Polteageist
21%
#0771Pyukumuku
21%
#0769Sandygast
21%
#0773Silvally
21%
#0854Sinistea
21%
#0988Slither Wing
21%
#0928Smoliv
21%
#0682Spritzee
21%
#0976Veluza
21%
#1001Wo-Chien
21%
#0997Arctibax
20%
#0606Beheeyem
20%
#0962Bombirdier
20%
#0879Copperajah
20%
#0834Drednaw
20%
#0884Duraludon
20%
#0830Eldegoss
20%
#0973Flamigo
20%
#0996Frigibax
20%
#0964Palafin
20%
#0766Passimian
20%
#0743Ribombee
20%
#0874Stonjourner
20%
#0776Turtonator
20%
#0846Arrokuda
19%
#0689Barbaracle
19%
#0688Binacle
19%
#0986Brute Bonnet
19%
#0937Ceruledge
19%
#0935Charcadet
19%
#0833Chewtle
19%
#0764Comfey
19%
#0845Cramorant
19%
#0963Finizen
19%
#0753Fomantis
19%
#0768Golisopod
19%
#0829Gossifleur
19%
#0853Grapploct
19%
#0950Klawf
19%
#0943Mabosstiff
19%
#0770Palossand
19%
#0871Pincurchin
19%
#0767Wimpod
19%
#0930Arboliva
18%
#0936Armarouge
18%
#0852Clobbopus
18%
#0967Cyclizar
18%
#0927Dachsbun
18%
#0929Dolliv
18%
#0945Grafaiai
18%
#0920Lokix
18%
#0774Minior
18%
#0919Nymble
18%
#0916Oinkologne
18%
#0944Shroodle
18%
#0759Stufful
18%
#0917Tarountula
18%
#0939Bellibolt
17%
#0975Cetitan
17%
#0974Cetoddle
17%
#0955Flittle
17%
#0971Greavard
17%
#0972Houndstone
17%
#0775Komala
17%
#0942Maschiff
17%
#0925Maushold
17%
#0755Morelull
17%
#0953Rellor
17%
#0756Shiinotic
17%
#0965Varoom
17%
#0946Bramblin
16%
#0970Glimmora
16%
#0954Rabsca
16%
#0966Revavroom
16%
#0938Tadbulb
16%
#0924Tandemaus
16%
#0947Brambleghast
15%
#0951Capsakid
15%
#0956Espathra
15%
#0934Garganacl
15%
#0932Nacli
15%
#0931Squawkabilly
15%
#0969Glimmet
14%
#0933Naclstack
14%
#0952Scovillain
14%

Score Distribution

Percentile by Number Answered

Percent of People with Each Score

Your Score History

You have not taken this quiz